| 000 | 00944nam0a22002771 4500 | ||
|---|---|---|---|
| 001 | v19\rc\1641916 | ||
| 005 | 20061002125135.7 | ||
| 035 | _a(NLR Aleph) 004839027 | ||
| 090 |
_a4801965 _c4801965 |
||
| 100 | _a20061002d1885 |||y0rusy50 ca | ||
| 101 | 0 | _arus | |
| 102 | _aRU | ||
| 105 | _ay z |||a| | ||
| 200 | 1 |
_aДети осужденного _eДрама в 4 д. и 6 карт. _f[Соч.] К.К. Стамати |
|
| 210 |
_aОдесса _cтип. В. Кирхнера _d1885 |
||
| 215 |
_a51 с. _d22 |
||
| 700 | 1 |
_aСтамати-Чуря _bК. К. _f1828-1898 _gКонстантин Константинович |
|
| 790 | 1 |
_aЧуря _bК. К. _f1828-1898 _gКонстантин Константинович |
|
| 801 | 0 |
_aRU _bNLR _gpsbo |
|
| 801 | 0 |
_aRU _bRuMoRGB _2psbo |
|
| 801 | 1 |
_aRU _bProSoft-M _2rusmarc |
|
| 852 |
_aNLR _j18.212.5.224 |
||
| 899 |
_aRuMoRGB _jE 32/126 |
||
| 899 |
_aRuMoRGB _jФ 1-76/11917 |
||
| 942 | _cBOOK | ||
| 980 | _aNB | ||